书目信息 |
| 书名: | Wrath of the serfs | |
| 作者: | ||
| 分册号: | ||
| 分册名: | 出版地: | Peking : |
|
| 出版社: | Foreign Languages Press | |
| 出版时间: | 1976. | |
| 页数: | 1 v. : | |
| 开本: | 20020930 | |
| 丛书名: | ||
| 中图分类号: | ||
| 科图分类号: | ||
| 其他分类号: | H319.4 | |
| 主题词: | ||
| 电子资源: | ||
| 000 | 00550nam 2200193 a 4500 | |
| 001 | E0736332187 | |
| 005 | 20070210100924.51 | |
| 008 | uu | |
| 008 | 001 0 eng | |
| 040 | @aNLC | |
| 049 | @aN5LA | |
| 090 | @a2/J327/WSEn//////////////855792/855793/ cop.2/861215/ cop.3 | |
| 090 | @aH319.4 | |
| 096 | @aJ327 @v2 | |
| 099 | @dH319.4@ex495 | |
| 245 | 00 | @aWrath of the serfs |
| 260 | @aPeking :@bForeign Languages Press,@c1976. | |
| 300 | @a1 v. :@b00 ;@c20020930@lNLC09@h2246@lNLC09@h2303@lNLC09@h1854 | |
| 852 | 9 | @bTCJC @cJ12S @k2 @hJ327 @iWSEn |
| Wrath of the serfs.-Peking : : Foreign Languages Press, , 1976. |
| 1 v. : : 00 ; ; 20020930 |
| ISBN |
| ● |
| 相关链接 |
|
|
|
|
正题名:Wrath of the serfs
索取号:H319.4/x495
 
预约/预借
| 序号 | 登录号 | 条形码 | 馆藏地/架位号 | 状态 | 备注 |
| 1 | 01616 | 000445637 | 第四借阅区/ [索取号:H319.4/x495] | 在馆 | |
| 2 | 01617 | 000445708 | 第四借阅区/ [索取号:H319.4/x495] | 在馆 |